| 000 | 00882nam a2200277 a 4500 | ||
|---|---|---|---|
| 008 | |||
| 020 | _a0750607920 (pbk.) | ||
| 049 | _aMAIN | ||
| 090 |
_aNA9052 _bMOU |
||
| 100 | 1 | _aMoughtin, Cliff. | |
| 245 | 1 | 0 |
_aUrban design : _bornament and decoration / _cCliff Moughtin, Taner Oc, and Steven Tiesdell. |
| 260 |
_aOxford : _bButterworth Architecture, _c1995. |
||
| 300 |
_aix, 164 p., [4] p. of plates : _bill. (some col.) ; _c22 cm. |
||
| 504 | _aIncludes bibliographical references. | ||
| 500 | _aIncludes index. | ||
| 650 | 0 | _aUrban beautification. | |
| 650 | 0 | _aArt, Municipal. | |
| 653 | 0 |
_aUrban regions _aEnvironment planning |
|
| 700 | 1 | _aOc, Taner. | |
| 700 | 1 | _aTiesdell, Steven. | |
| 907 |
_a.b1006140x _b21-09-12 _c17-04-03 |
||
| 003 | |||
| 005 | 20230123133620.0 | ||
| 040 | _cNUST | ||
| 942 |
_cBOOKS _kNA9052 _mMOU |
||
| 999 |
_c151669 _d151669 |
||